[Event "April 9 Early 2024"]
[Site "Chess.com"]
[Date "2024.04.09"]
[Round "1"]
[White "Mateo Rodriguez Polo"]
[Black "Yakovlev, Egor"]
[Result "1-0"]
[Board "187"]
[WhiteFideId "24509396"]
[BlackFideId "24177989"]
[WhiteTitle "CM"]
[BlackTitle "CM"]
[WhiteElo "2360"]
[BlackElo "2656"]
[WhiteTeam "ESP"]
[BlackTeam "RUS"]
[WhiteClock "0:00:05"]
[BlackClock "0:00:29"]
[Variant "Standard"]

1. d4 {[%clk 0:03:00]}  Nf6 {[%clk 0:02:57]} 2. Nf3 {[%clk 0:02:55]}  c5 {[%clk 0:02:57]} 3. e3 {[%clk 0:02:54]}  b6 {[%clk 0:02:56]} 4. c4 {[%clk 0:02:53]}  g6 {[%clk 0:02:54]} 5. Be2 {[%clk 0:02:41]}  Bg7 {[%clk 0:02:52]} 6. O-O {[%clk 0:02:40]}  O-O {[%clk 0:02:52]} 7. b3 {[%clk 0:02:38]}  d6 {[%clk 0:02:51]} 8. Bb2 {[%clk 0:02:35]}  Bb7 {[%clk 0:02:51]} 9. Nc3 {[%clk 0:02:35]}  Nbd7 {[%clk 0:02:50]} 10. Rc1 {[%clk 0:02:31]}  Re8 {[%clk 0:02:49]} 11. Qd2 {[%clk 0:02:31]}  e5 {[%clk 0:02:49]} 12. Rfd1 {[%clk 0:02:25]}  e4 {[%clk 0:02:43]} 13. Ng5 {[%clk 0:01:57]}  Qe7 {[%clk 0:02:36]} 14. Nb5 {[%clk 0:01:33]}  Nf8 {[%clk 0:02:14]} 15. dxc5 {[%clk 0:01:25]}  dxc5 {[%clk 0:02:15]} 16. Qd6 {[%clk 0:01:26]}  h6 {[%clk 0:01:55]} 17. Nh3 {[%clk 0:01:20]}  a6 {[%clk 0:01:51]} 18. Nc7 {[%clk 0:01:14]}  Qxd6 {[%clk 0:01:47]} 19. Rxd6 {[%clk 0:01:15]}  Red8 {[%clk 0:01:45]} 20. Rxf6 {[%clk 0:01:06]}  Rac8 {[%clk 0:01:37]} 21. Nd5 {[%clk 0:00:43]}  Bxd5 {[%clk 0:01:33]} 22. cxd5 {[%clk 0:00:44]}  Rxd5 {[%clk 0:01:33]} 23. Bc4 {[%clk 0:00:25]}  Rd7 {[%clk 0:01:32]} 24. Ba1 {[%clk 0:00:16]}  Rcd8 {[%clk 0:01:28]} 25. Rxb6 {[%clk 0:00:13]}  Rd1+ {[%clk 0:01:28]} 26. Rxd1 {[%clk 0:00:09]}  Rxd1+ {[%clk 0:01:29]} 27. Bf1 {[%clk 0:00:10]}  Rxa1 {[%clk 0:01:29]} 28. Rxa6 {[%clk 0:00:10]}  Nd7 {[%clk 0:01:22]} 29. Nf4 {[%clk 0:00:05]}  Ne5 {[%clk 0:01:07]} 30. g3 {[%clk 0:00:02]}  g5 {[%clk 0:01:04]} 31. Nd5 {[%clk 0:00:01]}  Nf3+ {[%clk 0:01:03]} 32. Kg2 {[%clk 0:00:02]}  Nd2 {[%clk 0:00:56]} 33. Be2 {[%clk 0:00:02]}  f5 {[%clk 0:00:51]} 34. Ne7+ {[%clk 0:00:02]}  Kf7 {[%clk 0:00:51]} 35. Nxf5 {[%clk 0:00:03]}  Bf6 {[%clk 0:00:47]} 36. Nxh6+ {[%clk 0:00:03]}  Ke7 {[%clk 0:00:47]} 37. Ng4 {[%clk 0:00:04]}  Bc3 {[%clk 0:00:47]} 38. Ra7+ {[%clk 0:00:03]}  Kd6 {[%clk 0:00:46]} 39. Ra6+ {[%clk 0:00:04]}  Kc7 {[%clk 0:00:46]} 40. Nf6 {[%clk 0:00:03]}  Kb7 {[%clk 0:00:43]} 41. Re6 {[%clk 0:00:04]}  Rxa2 {[%clk 0:00:42]} 42. Bc4 {[%clk 0:00:02]}  Ra1 {[%clk 0:00:37]} 43. Nxe4 {[%clk 0:00:03]}  Nxe4 {[%clk 0:00:34]} 44. Rxe4 {[%clk 0:00:04]}  Be1 {[%clk 0:00:34]} 45. Re7+ {[%clk 0:00:03]}  Kc6 {[%clk 0:00:35]} 46. Rf7 {[%clk 0:00:04]}  Kd6 {[%clk 0:00:35]} 47. h4 {[%clk 0:00:04]}  gxh4 {[%clk 0:00:34]} 48. gxh4 {[%clk 0:00:05]}  Ra8 {[%clk 0:00:34]} 49. Rf3 {[%clk 0:00:05]}  Ke5 {[%clk 0:00:34]} 50. Rh3 {[%clk 0:00:05]}  Rf8 {[%clk 0:00:34]} 51. Rf3 {[%clk 0:00:05]}  Rg8+ {[%clk 0:00:29]} 52. Bxg8 {[%clk 0:00:05]} 1-0

[Event "April 9 Early 2024"]
[Site "Chess.com"]
[Date "2024.04.09"]
[Round "1"]
[White "Travkina, Anastasia"]
[Black "Brodowski, Piotr"]
[Result "0-1"]
[Board "189"]
[WhiteFideId "24129151"]
[BlackFideId "1124480"]
[WhiteTitle "WIM"]
[BlackTitle "IM"]
[WhiteElo "2359"]
[BlackElo "2656"]
[WhiteTeam "RUS"]
[BlackTeam "POL"]
[WhiteClock "0:00:49"]
[BlackClock "0:01:00"]
[Variant "Standard"]

1. e4 {[%clk 0:02:53]}  c5 {[%clk 0:02:59]} 2. Nf3 {[%clk 0:02:52]}  d6 {[%clk 0:02:58]} 3. d4 {[%clk 0:02:52]}  cxd4 {[%clk 0:02:58]} 4. Nxd4 {[%clk 0:02:53]}  Nf6 {[%clk 0:02:57]} 5. Nc3 {[%clk 0:02:53]}  Nc6 {[%clk 0:02:48]} 6. Bg5 {[%clk 0:02:51]}  e6 {[%clk 0:02:45]} 7. Qd2 {[%clk 0:02:51]}  a6 {[%clk 0:02:42]} 8. O-O-O {[%clk 0:02:47]}  Bd7 {[%clk 0:02:41]} 9. f4 {[%clk 0:02:45]}  h6 {[%clk 0:02:34]} 10. Nxc6 {[%clk 0:02:22]}  Bxc6 {[%clk 0:02:29]} 11. Bh4 {[%clk 0:02:22]}  Nxe4 {[%clk 0:01:57]} 12. Nxe4 {[%clk 0:02:21]}  Qxh4 {[%clk 0:01:57]} 13. Nxd6+ {[%clk 0:02:20]}  Bxd6 {[%clk 0:01:57]} 14. Qxd6 {[%clk 0:02:20]}  Rd8 {[%clk 0:01:56]} 15. Qxd8+ {[%clk 0:02:17]}  Qxd8 {[%clk 0:01:55]} 16. Rxd8+ {[%clk 0:02:17]}  Kxd8 {[%clk 0:01:56]} 17. Rg1 {[%clk 0:02:15]}  g5 {[%clk 0:01:52]} 18. fxg5 {[%clk 0:01:53]}  hxg5 {[%clk 0:01:52]} 19. h3 {[%clk 0:01:54]}  Ke7 {[%clk 0:01:51]} 20. Kd2 {[%clk 0:01:44]}  f5 {[%clk 0:01:47]} 21. g3 {[%clk 0:01:42]}  Kf6 {[%clk 0:01:45]} 22. Ke3 {[%clk 0:01:40]}  e5 {[%clk 0:01:44]} 23. g4 {[%clk 0:01:22]}  f4+ {[%clk 0:01:42]} 24. Kf2 {[%clk 0:01:07]}  e4 {[%clk 0:01:42]} 25. Bg2 {[%clk 0:01:01]}  e3+ {[%clk 0:01:41]} 26. Kf1 {[%clk 0:00:58]}  f3 {[%clk 0:01:37]} 27. Bxf3 {[%clk 0:00:56]}  Bxf3 {[%clk 0:01:35]} 28. Rg3 {[%clk 0:00:57]}  Be4 {[%clk 0:01:29]} 29. Rxe3 {[%clk 0:00:56]}  Bxc2 {[%clk 0:01:29]} 30. Kf2 {[%clk 0:00:56]}  Ba4 {[%clk 0:01:21]} 31. Kg3 {[%clk 0:00:56]}  Bc6 {[%clk 0:01:21]} 32. Rd3 {[%clk 0:00:54]}  Re8 {[%clk 0:01:02]} 33. Rd6+ {[%clk 0:00:50]}  Re6 {[%clk 0:01:02]} 34. Rd8 {[%clk 0:00:49]}  Re3+ {[%clk 0:01:00]} 35. Kh2 {[%clk 0:00:49]}  Re2+ {[%clk 0:01:00]} 36. Kg3 {[%clk 0:00:49]}  Rg2# {[%clk 0:01:00]} 0-1

[Event "April 9 Early 2024"]
[Site "Chess.com"]
[Date "2024.04.09"]
[Round "1"]
[White "Sovetbekova, Nurai"]
[Black "D Yashas"]
[Result "0-1"]
[Board "191"]
[WhiteFideId "13801910"]
[BlackFideId "5030196"]
[WhiteTitle "WFM"]
[BlackTitle "FM"]
[WhiteElo "2351"]
[BlackElo "2652"]
[WhiteTeam "KGZ"]
[BlackTeam "IND"]
[WhiteClock "0:00:25"]
[BlackClock "0:00:46"]
[Variant "Standard"]

1. d4 {[%clk 0:03:00]}  Nf6 {[%clk 0:02:58]} 2. c4 {[%clk 0:03:00]}  e6 {[%clk 0:02:58]} 3. Nc3 {[%clk 0:03:00]}  c5 {[%clk 0:02:57]} 4. e3 {[%clk 0:02:52]}  a6 {[%clk 0:02:51]} 5. Nf3 {[%clk 0:02:51]}  cxd4 {[%clk 0:02:44]} 6. exd4 {[%clk 0:02:51]}  d5 {[%clk 0:02:44]} 7. Bg5 {[%clk 0:02:47]}  dxc4 {[%clk 0:02:42]} 8. Bxc4 {[%clk 0:02:47]}  b5 {[%clk 0:02:42]} 9. Bb3 {[%clk 0:02:43]}  Bb7 {[%clk 0:02:42]} 10. O-O {[%clk 0:02:43]}  Be7 {[%clk 0:02:42]} 11. Qe2 {[%clk 0:02:26]}  O-O {[%clk 0:02:41]} 12. Rfd1 {[%clk 0:02:24]}  b4 {[%clk 0:02:27]} 13. Na4 {[%clk 0:02:22]}  Nbd7 {[%clk 0:02:25]} 14. a3 {[%clk 0:02:17]}  Nd5 {[%clk 0:02:16]} 15. Bd2 {[%clk 0:01:51]}  bxa3 {[%clk 0:02:15]} 16. bxa3 {[%clk 0:01:51]}  Qb8 {[%clk 0:02:03]} 17. Ne5 {[%clk 0:01:43]}  N7f6 {[%clk 0:01:21]} 18. Bc2 {[%clk 0:01:34]}  Qa7 {[%clk 0:01:18]} 19. Qd3 {[%clk 0:01:08]}  Rfd8 {[%clk 0:01:13]} 20. Rab1 {[%clk 0:01:04]}  Rac8 {[%clk 0:01:06]} 21. Bg5 {[%clk 0:00:52]}  h6 {[%clk 0:00:55]} 22. Bh4 {[%clk 0:00:36]}  Nf4 {[%clk 0:00:49]} 23. Qg3 {[%clk 0:00:27]}  Ne2+ {[%clk 0:00:48]} 24. Kh1 {[%clk 0:00:26]}  Nxg3+ {[%clk 0:00:49]} 25. hxg3 {[%clk 0:00:25]}  Rxc2 {[%clk 0:00:46]} 0-1

[Event "April 9 Early 2024"]
[Site "Chess.com"]
[Date "2024.04.09"]
[Round "1"]
[White "Janaszak, Dawid"]
[Black "Mikhailova, Irina"]
[Result "1-0"]
[Board "192"]
[WhiteFideId "1119206"]
[BlackFideId "4109040"]
[WhiteTitle "FM"]
[BlackTitle "WGM"]
[WhiteElo "2651"]
[BlackElo "2350"]
[WhiteTeam "POL"]
[BlackTeam "RUS"]
[WhiteClock "0:01:00"]
[BlackClock "0:00:18"]
[Variant "Standard"]

1. e4 {[%clk 0:03:00]}  c5 {[%clk 0:02:59]} 2. Nc3 {[%clk 0:03:00]}  Nc6 {[%clk 0:03:00]} 3. Bb5 {[%clk 0:02:59]}  Nd4 {[%clk 0:03:00]} 4. Nf3 {[%clk 0:02:59]}  e6 {[%clk 0:02:58]} 5. O-O {[%clk 0:02:59]}  Ne7 {[%clk 0:02:58]} 6. Nxd4 {[%clk 0:02:55]}  cxd4 {[%clk 0:02:58]} 7. Ne2 {[%clk 0:02:55]}  Nc6 {[%clk 0:02:59]} 8. d3 {[%clk 0:02:51]}  a6 {[%clk 0:02:53]} 9. Ba4 {[%clk 0:02:47]}  Bc5 {[%clk 0:02:52]} 10. f4 {[%clk 0:02:43]}  O-O {[%clk 0:02:52]} 11. f5 {[%clk 0:02:41]}  d5 {[%clk 0:02:44]} 12. Ng3 {[%clk 0:02:29]}  dxe4 {[%clk 0:02:38]} 13. Nxe4 {[%clk 0:02:29]}  Bb4 {[%clk 0:01:48]} 14. f6 {[%clk 0:02:24]}  g6 {[%clk 0:01:47]} 15. Qg4 {[%clk 0:02:15]}  Qd5 {[%clk 0:01:25]} 16. Bg5 {[%clk 0:02:00]}  h5 {[%clk 0:01:03]} 17. Qh4 {[%clk 0:01:55]}  e5 {[%clk 0:01:03]} 18. Bh6 {[%clk 0:01:39]}  Nd8 {[%clk 0:00:48]} 19. Bb3 {[%clk 0:01:30]}  Qd7 {[%clk 0:00:46]} 20. a3 {[%clk 0:01:28]}  Bd6 {[%clk 0:00:35]} 21. Nxd6 {[%clk 0:01:18]}  Qxd6 {[%clk 0:00:35]} 22. Bxf8 {[%clk 0:01:14]}  Qxf8 {[%clk 0:00:28]} 23. Rae1 {[%clk 0:01:12]}  Nc6 {[%clk 0:00:25]} 24. Qg5 {[%clk 0:01:10]}  Kh7 {[%clk 0:00:24]} 25. Re4 {[%clk 0:01:03]}  Bf5 {[%clk 0:00:19]} 26. Rxf5 {[%clk 0:01:01]}  gxf5 {[%clk 0:00:20]} 27. Qxf5+ {[%clk 0:01:00]}  Kh8 {[%clk 0:00:19]} 28. Qxh5+ {[%clk 0:01:00]}  Kg8 {[%clk 0:00:18]} 29. Rg4+ {[%clk 0:01:00]} 1-0

[Event "April 9 Early 2024"]
[Site "Chess.com"]
[Date "2024.04.09"]
[Round "1"]
[White "Nazari, Arad"]
[Black "Bauyrzhan, Arnash"]
[Result "1-0"]
[Board "194"]
[WhiteFideId "12577324"]
[BlackFideId "13706322"]
[WhiteTitle "IM"]
[BlackTitle "WFM"]
[WhiteElo "2648"]
[BlackElo "2347"]
[WhiteTeam "IRI"]
[BlackTeam "KAZ"]
[WhiteClock "0:00:39"]
[BlackClock "0:00:00"]
[Variant "Standard"]

1. e4 {[%clk 0:02:50]}  c5 {[%clk 0:01:17]} 2. Nf3 {[%clk 0:02:50]}  e6 {[%clk 0:01:15]} 3. b3 {[%clk 0:02:49]}  Nc6 {[%clk 0:01:09]} 4. Bb2 {[%clk 0:02:46]}  d5 {[%clk 0:01:07]} 5. Bb5 {[%clk 0:02:45]}  a6 {[%clk 0:00:56]} 6. exd5 {[%clk 0:02:42]}  exd5 {[%clk 0:00:55]} 7. Bxc6+ {[%clk 0:02:37]}  bxc6 {[%clk 0:00:55]} 8. Ne5 {[%clk 0:02:38]}  Qc7 {[%clk 0:00:53]} 9. O-O {[%clk 0:02:37]}  Nf6 {[%clk 0:00:53]} 10. Re1 {[%clk 0:02:36]}  Be7 {[%clk 0:00:54]} 11. Qf3 {[%clk 0:02:29]}  Be6 {[%clk 0:00:52]} 12. Qg3 {[%clk 0:02:24]}  O-O {[%clk 0:00:51]} 13. d3 {[%clk 0:02:03]}  d4 {[%clk 0:00:51]} 14. Nd2 {[%clk 0:02:03]}  Bd6 {[%clk 0:00:45]} 15. f4 {[%clk 0:01:56]}  Nd5 {[%clk 0:00:10]} 16. Ndc4 {[%clk 0:01:48]}  Be7 {[%clk 0:00:07]} 17. Qf3 {[%clk 0:01:34]}  Bf5 {[%clk 0:00:06]} 18. g4 {[%clk 0:01:33]}  Bc8 {[%clk 0:00:05]} 19. Nd2 {[%clk 0:00:58]}  Bf6 {[%clk 0:00:05]} 20. g5 {[%clk 0:00:51]}  Bxe5 {[%clk 0:00:05]} 21. Rxe5 {[%clk 0:00:52]}  Ne3 {[%clk 0:00:06]} 22. Nc4 {[%clk 0:00:47]}  Nxc2 {[%clk 0:00:04]} 23. Rc1 {[%clk 0:00:48]}  Nb4 {[%clk 0:00:04]} 24. Rxc5 {[%clk 0:00:43]}  Nd5 {[%clk 0:00:03]} 25. Qxd5 {[%clk 0:00:41]}  Qxf4 {[%clk 0:00:00]} 26. Qxd4 {[%clk 0:00:39]} 1-0

[Event "April 9 Early 2024"]
[Site "Chess.com"]
[Date "2024.04.09"]
[Round "1"]
[White "Souleidis, Georgios"]
[Black "Martin, Lewis"]
[Result "1-0"]
[Board "198"]
[WhiteFideId "4206827"]
[BlackFideId "410551"]
[WhiteTitle "IM"]
[BlackTitle "FM"]
[WhiteElo "2645"]
[BlackElo "2341"]
[WhiteTeam "GRE"]
[BlackTeam "ENG"]
[WhiteClock "0:00:15"]
[BlackClock "0:01:00"]
[Variant "Standard"]

1. e4 {[%clk 0:03:00]}  c6 {[%clk 0:02:59]} 2. Nc3 {[%clk 0:03:00]}  d5 {[%clk 0:02:59]} 3. Nf3 {[%clk 0:03:01]}  Bg4 {[%clk 0:02:59]} 4. h3 {[%clk 0:03:01]}  Bxf3 {[%clk 0:02:59]} 5. Qxf3 {[%clk 0:03:02]}  e6 {[%clk 0:02:59]} 6. d4 {[%clk 0:03:02]}  Nf6 {[%clk 0:02:54]} 7. a3 {[%clk 0:02:57]}  dxe4 {[%clk 0:02:50]} 8. Qe3 {[%clk 0:02:57]}  Nbd7 {[%clk 0:02:46]} 9. Nxe4 {[%clk 0:02:55]}  Nxe4 {[%clk 0:02:44]} 10. Qxe4 {[%clk 0:02:56]}  Nf6 {[%clk 0:02:44]} 11. Qd3 {[%clk 0:02:44]}  Qb6 {[%clk 0:02:41]} 12. c3 {[%clk 0:02:34]}  O-O-O {[%clk 0:02:39]} 13. Qc2 {[%clk 0:02:25]}  c5 {[%clk 0:02:35]} 14. dxc5 {[%clk 0:02:03]}  Bxc5 {[%clk 0:02:34]} 15. b4 {[%clk 0:01:49]}  Bd6 {[%clk 0:02:30]} 16. Be2 {[%clk 0:01:47]}  Kb8 {[%clk 0:02:25]} 17. O-O {[%clk 0:01:47]}  Qc7 {[%clk 0:02:20]} 18. c4 {[%clk 0:01:43]}  Rd7 {[%clk 0:02:13]} 19. Bb2 {[%clk 0:01:40]}  Rhd8 {[%clk 0:02:10]} 20. Rfd1 {[%clk 0:01:34]}  Be5 {[%clk 0:02:07]} 21. Rxd7 {[%clk 0:01:21]}  Rxd7 {[%clk 0:02:07]} 22. c5 {[%clk 0:01:15]}  Bxb2 {[%clk 0:01:55]} 23. Qxb2 {[%clk 0:01:15]}  Qf4 {[%clk 0:01:54]} 24. Bf3 {[%clk 0:00:58]}  Rd2 {[%clk 0:01:51]} 25. Qc3 {[%clk 0:00:58]}  Nd5 {[%clk 0:01:48]} 26. Qxg7 {[%clk 0:00:51]}  e5 {[%clk 0:01:32]} 27. Qf8+ {[%clk 0:00:43]}  Kc7 {[%clk 0:01:31]} 28. Qd6+ {[%clk 0:00:39]}  Kc8 {[%clk 0:01:28]} 29. Bxd5 {[%clk 0:00:21]}  Qxf2+ {[%clk 0:01:24]} 30. Kh1 {[%clk 0:00:21]}  Qd4 {[%clk 0:01:10]} 31. Qf8+ {[%clk 0:00:17]}  Kc7 {[%clk 0:01:07]} 32. Qxf7+ {[%clk 0:00:18]}  Kc8 {[%clk 0:01:07]} 33. Qe8+ {[%clk 0:00:16]}  Kc7 {[%clk 0:01:07]} 34. Qe7+ {[%clk 0:00:16]}  Kc8 {[%clk 0:01:07]} 35. Be6+ {[%clk 0:00:17]}  Kb8 {[%clk 0:01:06]} 36. Qe8+ {[%clk 0:00:15]}  Qd8 {[%clk 0:01:04]} 37. Qxd8+ {[%clk 0:00:15]}  Rxd8 {[%clk 0:01:04]} 38. Re1 {[%clk 0:00:15]}  Rd3 {[%clk 0:01:02]} 39. a4 {[%clk 0:00:15]}  Rb3 {[%clk 0:01:00]} 40. Bxb3 {[%clk 0:00:15]} 1-0

[Event "April 9 Early 2024"]
[Site "Chess.com"]
[Date "2024.04.09"]
[Round "1"]
[White "Osmonbekov, Talaibek"]
[Black "Borgaonkar Akshay"]
[Result "0-1"]
[Board "199"]
[WhiteFideId "2017253"]
[BlackFideId "25639110"]
[BlackTitle "FM"]
[WhiteElo "2338"]
[BlackElo "2645"]
[WhiteTeam "USA"]
[BlackTeam "IND"]
[WhiteClock "0:00:00"]
[BlackClock "0:01:48"]
[Variant "Standard"]

1. d4 {[%clk 0:03:00]}  e6 {[%clk 0:02:58]} 2. Nc3 {[%clk 0:03:00]}  Nf6 {[%clk 0:02:56]} 3. e4 {[%clk 0:03:00]}  d5 {[%clk 0:02:55]} 4. e5 {[%clk 0:02:58]}  Nfd7 {[%clk 0:02:56]} 5. Nce2 {[%clk 0:02:59]}  c5 {[%clk 0:02:56]} 6. c3 {[%clk 0:03:00]}  Nc6 {[%clk 0:02:55]} 7. Nf3 {[%clk 0:03:00]}  f6 {[%clk 0:02:54]} 8. Nf4 {[%clk 0:02:50]}  Qe7 {[%clk 0:02:50]} 9. Bb5 {[%clk 0:02:37]}  fxe5 {[%clk 0:02:46]} 10. dxe5 {[%clk 0:02:37]}  a6 {[%clk 0:02:37]} 11. Bxc6 {[%clk 0:02:36]}  bxc6 {[%clk 0:02:38]} 12. O-O {[%clk 0:02:36]}  Bb7 {[%clk 0:02:37]} 13. Re1 {[%clk 0:02:03]}  O-O-O {[%clk 0:02:32]} 14. h4 {[%clk 0:01:27]}  g6 {[%clk 0:02:23]} 15. Ng5 {[%clk 0:01:26]}  Re8 {[%clk 0:02:21]} 16. Ngxe6 {[%clk 0:01:15]}  Bh6 {[%clk 0:02:16]} 17. Qg4 {[%clk 0:01:01]}  Kb8 {[%clk 0:02:14]} 18. b4 {[%clk 0:00:54]}  Bxf4 {[%clk 0:02:10]} 19. Nxf4 {[%clk 0:00:52]}  Nxe5 {[%clk 0:02:09]} 20. Qg3 {[%clk 0:00:21]}  Nf3+ {[%clk 0:02:06]} 21. gxf3 {[%clk 0:00:21]}  Qxe1+ {[%clk 0:02:07]} 22. Kg2 {[%clk 0:00:22]}  Qe5 {[%clk 0:02:00]} 23. Bd2 {[%clk 0:00:16]}  Rhg8 {[%clk 0:01:59]} 24. Re1 {[%clk 0:00:16]}  Qc7 {[%clk 0:01:58]} 25. bxc5 {[%clk 0:00:16]}  Rxe1 {[%clk 0:01:56]} 26. Bxe1 {[%clk 0:00:17]}  Bc8 {[%clk 0:01:56]} 27. Bd2 {[%clk 0:00:17]}  Bf5 {[%clk 0:01:55]} 28. Be3 {[%clk 0:00:16]}  h6 {[%clk 0:01:53]} 29. Kg1 {[%clk 0:00:08]}  g5 {[%clk 0:01:53]} 30. Qg2 {[%clk 0:00:00]}  Qf7 {[%clk 0:01:48]} 0-1

[Event "April 9 Early 2024"]
[Site "Chess.com"]
[Date "2024.04.09"]
[Round "1"]
[White "Kozlov, Gennady"]
[Black "Martinez Lopez, David"]
[Result "1-0"]
[Board "200"]
[WhiteFideId "4191668"]
[BlackFideId "22235779"]
[WhiteTitle "FM"]
[BlackTitle "FM"]
[WhiteElo "2644"]
[BlackElo "2338"]
[WhiteTeam "ESP"]
[BlackTeam "ESP"]
[WhiteClock "0:00:36"]
[BlackClock "0:00:00"]
[Variant "Standard"]

1. b3 {[%clk 0:02:58]}  e5 {[%clk 0:02:58]} 2. Bb2 {[%clk 0:02:59]}  Nc6 {[%clk 0:02:58]} 3. e3 {[%clk 0:02:59]}  Nf6 {[%clk 0:02:58]} 4. Bb5 {[%clk 0:02:59]}  Bd6 {[%clk 0:02:58]} 5. Ne2 {[%clk 0:02:59]}  a6 {[%clk 0:02:58]} 6. Bxc6 {[%clk 0:02:58]}  dxc6 {[%clk 0:02:59]} 7. d4 {[%clk 0:02:58]}  Qe7 {[%clk 0:02:58]} 8. c4 {[%clk 0:02:57]}  c5 {[%clk 0:02:54]} 9. d5 {[%clk 0:02:56]}  O-O {[%clk 0:02:54]} 10. Nbc3 {[%clk 0:02:56]}  Bd7 {[%clk 0:02:50]} 11. e4 {[%clk 0:02:55]}  b5 {[%clk 0:02:48]} 12. f3 {[%clk 0:02:54]}  b4 {[%clk 0:02:41]} 13. Nb1 {[%clk 0:02:53]}  a5 {[%clk 0:02:37]} 14. Nd2 {[%clk 0:02:53]}  a4 {[%clk 0:02:32]} 15. O-O {[%clk 0:02:53]}  Nh5 {[%clk 0:02:20]} 16. Qe1 {[%clk 0:02:50]}  g6 {[%clk 0:02:15]} 17. bxa4 {[%clk 0:02:45]}  Rxa4 {[%clk 0:02:14]} 18. Nc1 {[%clk 0:02:46]}  Nf4 {[%clk 0:02:11]} 19. Ndb3 {[%clk 0:02:45]}  Qg5 {[%clk 0:02:03]} 20. Qg3 {[%clk 0:02:42]}  Qh6 {[%clk 0:01:57]} 21. Qe1 {[%clk 0:02:35]}  Qg5 {[%clk 0:01:55]} 22. g3 {[%clk 0:02:34]}  Bh3 {[%clk 0:01:39]} 23. Rf2 {[%clk 0:02:33]}  Nh5 {[%clk 0:01:38]} 24. Nd3 {[%clk 0:02:21]}  Rfa8 {[%clk 0:01:30]} 25. Bc1 {[%clk 0:02:21]}  Qe7 {[%clk 0:01:23]} 26. Be3 {[%clk 0:02:20]}  f5 {[%clk 0:01:17]} 27. Ndxc5 {[%clk 0:02:13]}  f4 {[%clk 0:00:57]} 28. Nxa4 {[%clk 0:01:58]}  fxe3 {[%clk 0:00:39]} 29. Qxe3 {[%clk 0:01:59]}  Rxa4 {[%clk 0:00:28]} 30. c5 {[%clk 0:01:57]}  Qd8 {[%clk 0:00:19]} 31. cxd6 {[%clk 0:01:52]}  cxd6 {[%clk 0:00:20]} 32. Rc2 {[%clk 0:01:42]}  Qa8 {[%clk 0:00:20]} 33. Qb6 {[%clk 0:01:36]}  Ra6 {[%clk 0:00:19]} 34. Qc7 {[%clk 0:01:34]}  Ng7 {[%clk 0:00:13]} 35. Qe7 {[%clk 0:01:32]}  Ra7 {[%clk 0:00:12]} 36. Qxd6 {[%clk 0:01:31]}  Ra6 {[%clk 0:00:09]} 37. Qxe5 {[%clk 0:01:28]}  Qa7+ {[%clk 0:00:08]} 38. Qd4 {[%clk 0:01:28]}  Qf7 {[%clk 0:00:08]} 39. Qxb4 {[%clk 0:01:27]}  h5 {[%clk 0:00:03]} 40. Qc3 {[%clk 0:01:21]}  Rf6 {[%clk 0:00:02]} 41. Rf2 {[%clk 0:01:19]}  h4 {[%clk 0:00:02]} 42. e5 {[%clk 0:01:14]}  hxg3 {[%clk 0:00:02]} 43. hxg3 {[%clk 0:01:13]}  Rf5 {[%clk 0:00:03]} 44. e6 {[%clk 0:01:13]}  Qe7 {[%clk 0:00:03]} 45. Qc8+ {[%clk 0:01:05]}  Kh7 {[%clk 0:00:03]} 46. Rh2 {[%clk 0:01:05]}  Rh5 {[%clk 0:00:03]} 47. Qc4 {[%clk 0:00:57]}  Qd6 {[%clk 0:00:03]} 48. f4 {[%clk 0:00:54]}  Qb6+ {[%clk 0:00:02]} 49. Qd4 {[%clk 0:00:53]}  Qa6 {[%clk 0:00:02]} 50. e7 {[%clk 0:00:49]}  Qc8 {[%clk 0:00:01]} 51. Re1 {[%clk 0:00:46]}  Qe8 {[%clk 0:00:01]} 52. d6 {[%clk 0:00:45]}  Nf5 {[%clk 0:00:00]} 53. d7 {[%clk 0:00:36]} 1-0

[Event "April 9 Early 2024"]
[Site "Chess.com"]
[Date "2024.04.09"]
[Round "1"]
[White "Gubajdullin, Alexei"]
[Black "Bielinski, Dariusz"]
[Result "1-0"]
[Board "202"]
[WhiteFideId "4141202"]
[BlackFideId "1109383"]
[WhiteTitle "FM"]
[BlackTitle "CM"]
[WhiteElo "2642"]
[BlackElo "2334"]
[WhiteTeam "RUS"]
[BlackTeam "POL"]
[WhiteClock "0:01:30"]
[BlackClock "0:00:15"]
[Variant "Standard"]

1. Nf3 {[%clk 0:02:58]}  g6 {[%clk 0:02:58]} 2. g3 {[%clk 0:02:57]}  Bg7 {[%clk 0:02:58]} 3. Bg2 {[%clk 0:02:57]}  d6 {[%clk 0:02:58]} 4. O-O {[%clk 0:02:56]}  e5 {[%clk 0:02:57]} 5. c4 {[%clk 0:02:56]}  Ne7 {[%clk 0:02:46]} 6. Nc3 {[%clk 0:02:56]}  O-O {[%clk 0:02:46]} 7. Rb1 {[%clk 0:02:55]}  a5 {[%clk 0:02:43]} 8. a3 {[%clk 0:02:55]}  Be6 {[%clk 0:02:29]} 9. d3 {[%clk 0:02:39]}  h6 {[%clk 0:02:28]} 10. b4 {[%clk 0:02:36]}  axb4 {[%clk 0:02:28]} 11. axb4 {[%clk 0:02:36]}  Nd7 {[%clk 0:02:23]} 12. Nd2 {[%clk 0:02:35]}  c6 {[%clk 0:02:14]} 13. b5 {[%clk 0:02:33]}  f5 {[%clk 0:02:12]} 14. Bb2 {[%clk 0:02:19]}  g5 {[%clk 0:02:08]} 15. Ra1 {[%clk 0:02:18]}  Qc7 {[%clk 0:01:59]} 16. Qc2 {[%clk 0:02:14]}  Rxa1 {[%clk 0:01:51]} 17. Rxa1 {[%clk 0:02:13]}  Nc5 {[%clk 0:01:44]} 18. Nb3 {[%clk 0:02:10]}  Nxb3 {[%clk 0:01:42]} 19. Qxb3 {[%clk 0:02:09]}  Kh7 {[%clk 0:01:24]} 20. b6 {[%clk 0:02:08]}  Qd7 {[%clk 0:01:23]} 21. Ra7 {[%clk 0:01:51]}  d5 {[%clk 0:01:11]} 22. cxd5 {[%clk 0:01:46]}  cxd5 {[%clk 0:01:12]} 23. Na4 {[%clk 0:01:44]}  Rc8 {[%clk 0:01:00]} 24. Ba3 {[%clk 0:01:38]}  Nc6 {[%clk 0:00:27]} 25. Nc5 {[%clk 0:01:36]}  Qf7 {[%clk 0:00:27]} 26. Nxe6 {[%clk 0:01:33]}  Nxa7 {[%clk 0:00:25]} 27. Bxd5 {[%clk 0:01:31]}  Nc6 {[%clk 0:00:15]} 28. Nxg5+ {[%clk 0:01:30]} 1-0